000 02509nab a2200241 i 4500
003 BR-BrBNA
005 20250630094939.0
008 250630b2018 bl.qr|pooa||| 00| 0 por |
040 _aBR-BrBNA
_bpor
072 _aF70
100 _aAntunes, Lorena Lana Camelo
100 _aSilva, Marcos José da
245 _aAeschynomene (Fabacaeae, Papilionoideae) no estado de Goiás, Brasil
500 _aPublicação on-line; 22 ref.; 24 illus.; Summaries (En, Pt)
520 _a Resumo A partir de metodologia usual em taxonomia vegetal é apresentado o tratamento taxonômico das espécies de Aeschynomene presentes do estado de Goiás. Foram registradas 26 espécies correspondentes a 33 táxons, quatro deles endêmicos (A. nana, A. genistoides var. latifoliola, A. simplicifolia e A. veadeirana) e dez novos registros (A. evenia var. evenia, A. mollicula, A. montevidensis, A. parviflora, A. rudis, A. sensitiva var. sensitiva, A. sensitiva var. amazonica, A. sensitiva var. hispidula, A. viscidula e A. vogelii). Descrições, ilustrações, uma chave para os táxons, comentários sobre seus habitats, épocas de floração e frutificação e relacionamentos morfológicos, além de mapas de distribuição são apresentados. Palavras-chave: Dalbergieae, Leguminosae, savana brasileira, taxonomia. Abstract Based on usual methods in plant taxonomy, the taxonomic treatment of Aeschynomene species of Goiás state is here presented. 26 species were recorded corresponding to 33 taxa, four of them endemic (A. nana, A. genistoides var. latifoliola, A. simplicifolia and A. veadeirana) and ten new records to the state (A. evenia var. evenia, A. mollicula, A. montevidensis, A. parviflora, A. rudis, A. sensitiva var. sensitiva, A. sensitiva var. amazonica, A. sensitiva var. hispidula, A. viscidula e A. vogelii). Descriptions, illustrations, a key for the taxa, comments on their habitats, flowering and fruiting periods, morphological relationships, and distribution maps are provided. Key words: Dalbergieae, Leguminosae, Brazilian savannah, taxonomy.
650 _aLEGUMINOSAE
650 _aCERRADO
650 _aTAXONOMIA
773 0 _0709
_9351158
_dRio de Janeiro-RJ Jardim Botanico do Rio de Janeiro 1935
_o2025-3781
_tRodriguésia (Brazil)
_x0370-6583; 2175-7860 on-line
_gv. 69(4) p. 2163-2207; (2018)
_wBR2025003086
856 _uhttps://www.scielo.br/j/rod/a/sMvxf6nQ7NGXMm3VyBxVZVJ/?format=pdf&lang=pt
942 _cANA
999 _c332307
_d332307